Women information and the future: (Record no. 1991)

MARC details
000 -LEADER
fixed length control field 007000000a22002050004500
003 - CONTROL NUMBER IDENTIFIER
control field LK-CoMWRAF
008 - FIXED-LENGTH DATA ELEMENTS--GENERAL INFORMATION
fixed length control field 230817t1995 ||||| |||| 00| 0 eng d
020 ## - INTERNATIONAL STANDARD BOOK NUMBER
International Standard Book Number 0917846672
040 ## - CATALOGING SOURCE
Original cataloging agency LK-CoMWRAF
Modifying agency LK-CoMWRAF
Description conventions LK-CoMWRAF
041 ## - LANGUAGE CODE
Language code of text/sound track or separate title English
082 ## - DEWEY DECIMAL CLASSIFICATION NUMBER
Classification number 026.3054
Item number WOM
942 ## - ADDED ENTRY ELEMENTS (KOHA)
Koha item type Conference Proceeding
111 ## - MAIN ENTRY--MEETING NAME
Meeting name or jurisdiction name as entry element HISTORY OF WOMEN IN AMERICA
Location of meeting (Radcliffe College,
Date of meeting 17-20 June 1994)
700 ## - ADDED ENTRY--PERSONAL NAME
Personal name Moseley, Eva Steiner
relator term editor
245 ## - TITLE STATEMENT
Title Women information and the future:
Remainder of title collecting and sharing resources worldwide
260 ## - PUBLICATION, DISTRIBUTION, ETC. (IMPRINT)
Place of publication, distribution, etc. Wisconsin:
Name of publisher, distributor, etc. Highsmith Press,
Date of publication, distribution, etc. 1995
300 ## - PHYSICAL DESCRIPTION
Extent xxiii, 296 p. : ill. ; 23 cm.
Other physical details Index included
650 ## - SUBJECT ADDED ENTRY--TOPICAL TERM
Topical term or geographic name as entry element WOMEN-Information
650 ## - SUBJECT ADDED ENTRY--TOPICAL TERM
Topical term or geographic name as entry element Women's studies libraries--Congresses.
Holdings
Withdrawn status Lost status Damaged status Not for loan Permanent Location Current Location Date acquired Full call number Barcode Koha item type
        Resource center, Muslim Women's Research And Action Forum Resource center, Muslim Women's Research And Action Forum 2023-08-17 026.3054 WOM RAF676 Books

Copyright © 2023 Muslim Women's Research and Action Forum (MWRAF), No 27/3, Anderson Road, Kalubowila, Dehiwela. Funded by The Asia Fundation